| 000 | 02447nam a22003617a 4500 | ||
|---|---|---|---|
| 003 | BO-EaUP | ||
| 005 | 20251121095508.0 | ||
| 008 | 251121t2012 bo ||||| |||| 00| 0 spa d | ||
| 020 | _a978-99954-41-40-1 | ||
| 040 |
_aBiblioteca IPE _bspa _cBiblioteca Ingeniería en producción empresarial _eRDA |
||
| 041 |
_aspa _hspa |
||
| 043 | _as-bo | ||
| 082 |
_221 _a530 |
||
| 092 |
_a530 _SC512f |
||
| 100 |
_aChávez Ajata, Ruth Norah _eAutora _96092 |
||
| 245 |
_aFísica : _bTeoría, Problemas y laboratorio / _cRuth Norah Chávez Ajata |
||
| 250 | _a2ª edición | ||
| 260 |
_aOruro - Bolivia ; _bLatinas Editores , _c2012 |
||
| 300 |
_a431 páginas ; _bIlustraciones, figuras ; tapa blanda _c26 x 18 centímetros |
||
| 336 |
_2rdacontent _atexto _btxt |
||
| 337 |
_2rdamedia _ano mediado _bn |
||
| 338 |
_avolumen _bnc |
||
| 505 | _aCapítulo 1. Introducción a la física - Capítulo 2. Magnitudes físicas - Capítulo 3. Análisis dimensional - Capítulo 4. Vectores - Capítulo 5. Cinemática de una partícula - Capítulo 6. Movimiento rectilíneo uniforme (MRU) - Capítulo 7. Movimiento rectilíneo uniforme variado (MRUV) - Capítulo 8. Caída libre - Movimiento vertical - Capítulo 9. Movimiento en plano - Capítulo 10. Movimiento circular - Capítulo 11. Fuerza y leyes de newton - Capítulo 12. Efectos de la fuerza sobre los cuerpos - Capítulo 13. Trabajo potencia y energía - Capítulo 14. Impulso y cantidad de movimiento / Laboratorios. | ||
| 520 | _aEl presente texto es una realización cuyo objetivo es servir de apoyo a estudiantes y maestros de Tercero de Secundaria. Su elaboración se ha basado en la obra de numerosos autores cuya relación se da a conocer al final de texto. La secuencia de contenidos está basada en la propuesta de la asociación de profesores de ciencias naturales de nuestro medio. Cada contenido tiene sus propios matices, que en resumen buscan el aprendizaje de las diferentes leyes físicas a través de la realización de diferentes problemas, del juego y razonamiento. Se pretende, aunque de manera superficial, introducir al estudiante al mundo de la física vectorial que se imparte en nuestras universidades. | ||
| 521 | _aDestinada a estudiantes de la materia de física | ||
| 546 | _aEspañol | ||
| 653 | _aFÍSICA | ||
| 653 | _aLABORATORIO | ||
| 653 | _aLEYES FÍSICAS | ||
| 653 | _aFÍSICA VECTORIAL | ||
| 653 | _aJUEGO Y RAZONAMIENTO | ||
| 942 |
_2ddc _cBK _n0 |
||
| 999 |
_c5395 _d5395 |
||